| 000 | 00976nas a2200301 4500 | ||
|---|---|---|---|
| 001 | BR0504151 | ||
| 003 | BR-BrBNA | ||
| 005 | 20231205105539.0 | ||
| 007 | ta | ||
| 008 | 230509b bl.|||p| |||| 00| 00por d | ||
| 040 |
_aBR-BrBNA _bpor _cBiblioteca Nacional de Agricultura |
||
| 041 | _a(Pt) | ||
| 072 | _aF06; F50 | ||
| 100 | 1 | _aCoelho, E.F. | |
| 100 | 1 | _aSantos, M.R. | |
| 100 | 1 | _aCoelho Filho, M.A. | |
| 245 | 1 | _aDistribuição de raízes de mamoeiro sob diferentes sistemas de irrigação localizada em latossolo de tabuleiros costeiros | |
| 650 | _aMAMÃO | ||
| 650 | _aIRRIGAÇÃO POR GOTEJAMENTO | ||
| 650 | _aIRRIGAÇÃO POR ASPERSÃO | ||
| 650 | _aSISTEMA RADICULAR | ||
| 650 | _aABSORÇÃO DE ÁGUA | ||
| 650 | _aRELAÇÃO ÁGUA-PLANTA | ||
| 650 | _aBAHIA | ||
| 773 | 0 |
_tRevista Brasileira de Fruticultura (Brazil) _xISSN 0100-2945 _g(Apr 2005), v. 27(1) p. 175-178 _wBR0504151 |
|
| 909 |
_a202311 _bLúcia _c55 _dLúcia Elande |
||
| 942 |
_2AGRIS _n0 _cANA |
||
| 999 |
_c183492 _d183492 |
||